000 00699nam a2200229 a 4500
999 _c5179
_d5179
001 5179
003 BD-JhCC
005 20180131122753.0
008 171210s1980 bg |||| ||a| 000 0 ben d
035 _a(BD-JhCC)5179
040 _aBD-JhCC
_dBD-JhCC
041 _aben
082 _a336.276
_bSHA 1980
100 _aশফিউল্লা মোহাম্মদ
245 _aসম্পদ শুল্কবিধি /
_cমোহাম্মদ শফিউল্লা
260 _aঢাকা :
_bবাংলা একাডেমী,
_c1980.
300 _a480p. :
_c22 cm.
650 _aEstate Duty
650 _aInheritance and Transfer tax
942 _2ddc
_cBK